|
|
|
|
| LEADER |
00000cam a2200000 7i4500 |
| 001 |
0000003659 |
| 005 |
20080131.0 |
| 020 |
0 |
0 |
|a 9679788628
|
| 090 |
0 |
0 |
|a 332.04109595
|b LAU
|
| 100 |
1 |
0 |
|a Lau, Ban Tin
|c Tan Sri Dato'
|
| 245 |
1 |
0 |
|a Capital control and the Malaysian economy
|c Lau Ban Tin
|
| 260 |
0 |
0 |
|a Subang Jaya, Selangor :
|b Pelanduk Publications ,
|c 2005
|
| 300 |
|
|
|a 164p. :
|b ill. ;
|c 23cm.
|
| 500 |
0 |
0 |
|a Includes index
|
| 650 |
0 |
0 |
|a Capital investment
|z Malaysia
|
| 650 |
0 |
0 |
|a Capital market
|z Malaysia
|
| 651 |
0 |
0 |
|a Malaysia
|x Economic conditions
|
| 651 |
0 |
0 |
|a Malaysia
|x Economic policy
|
| 999 |
|
|
|a 0000007128
|b Monograph
|c Open Shelf
|e Default branch
|